Analýza finančnej situácie vybraného podniku so zameraním na ukazovatele rentability bakalárska práca

Gespeichert in:
Bibliographische Detailangaben
1. Verfasser: Fedák, Kamil
Körperschaft: Fakulta podnikového manažmentu EU. Katedra podnikových financií
Weitere Verfasser: Hyránek, Eduard, 1955-
Format: Buch
Sprache:Slowakisch
Veröffentlicht: Bratislava 2021
Tags: Tag hinzufügen
Keine Tags, Fügen Sie das erste Tag hinzu!

MARC

LEADER 00000nbm a2200000 4500
001 0275498
005 20211112141402.9
041 0 |a slo 
044 |a SK 
245 1 0 |a Analýza finančnej situácie vybraného podniku so zameraním na ukazovatele rentability  |b bakalárska práca  |c Kamil Fedák ; školiteľ: Eduard Hyránek 
264 1 |a Bratislava  |c 2021 
300 |a 42 s. 
100 1 |a Fedák, Kamil 
700 1 |a Hyránek, Eduard, 1955- 
710 2 |a Fakulta podnikového manažmentu EU. Katedra podnikových financií